000 00579nam a22001937a 4500
003 OSt
005 20151123131339.0
008 130627t xxu||||| |||| 00| 0 eng d
020 _a9710718495
050 _a PL 6165.3
_b.B171 1993
082 _aFIL 398.21599
_bB18 1993
100 _aBalagas, Fransisco
245 _aFlorante at Laura /
_cFransisco Balagas.
260 _aQuezon City, Philippines :
_bAklat ANI Publishing and Educational trading Center.
_c1993.
300 _a185 p. :
_bill . ;
_c21 cm.
650 _aPhilippine Literature
942 _2lcc
_cBK
999 _c3213
_d3213